[Event "Chigorin Memorial Open"]
[Site "St Petersburg RUS"]
[Date "2011.10.17"]
[Round "4.99"]
[White "Rjanova, Valery"]
[Black "Fokin, Anatoly"]
[Result "1-0"]
[WhiteElo "2187"]
[BlackElo "1858"]
[WhiteFideId "24129119"]
[BlackFideId "24124451"]
[EventDate "2011.10.14"]

1. e4 e5 2. Nf3 Nc6 3. d4 exd4 4. Nxd4 d6 5. Bc4 Nf6 6. O-O Be7 7. Nc3 Bd7 8. f4
O-O 9. Kh1 Nxd4 10. Qxd4 Be6 11. Nd5 Nxd5 12. exd5 Bf6 13. Qe4 Bd7 14. Bd3 g6
15. f5 Bxf5 16. Rxf5 Re8 17. Qg4 h5 18. Qh3 gxf5 19. Bh6 Bg7 20. Qxf5 Qf6 21.
Qh7+ Kf8 22. Qh8+ Ke7 23. Qxg7 Qxg7 24. Bxg7 f6 25. Bg6 Kd7 26. Bxe8+ Rxe8 27.
Bxf6 Re2 28. c4 Rc2 29. Bc3 a5 30. h3 a4 31. a3 Rf2 32. Rd1 Rf5 33. Kh2 c5 34.
dxc6+ bxc6 35. g4 hxg4 36. hxg4 Rg5 37. Kg3 Ke6 38. Kf4 Rg8 39. g5 d5 40. cxd5+
cxd5 1-0

[Event "Chigorin Memorial Open"]
[Site "St Petersburg RUS"]
[Date "2011.10.17"]
[Round "4.100"]
[White "Ezov, Roman"]
[Black "Dzhavathanov, Magomed"]
[Result "1-0"]
[WhiteElo "2170"]
[BlackElo "1793"]
[WhiteFideId "4502078"]
[BlackFideId "24106020"]
[EventDate "2011.10.14"]

1. e4 d6 2. d4 Nf6 3. Nc3 g6 4. g3 Bg7 5. Bg2 O-O 6. Nge2 Nc6 7. O-O e5 8. h3
Nh5 9. d5 Ne7 10. g4 Nf6 11. f4 h6 12. fxe5 dxe5 13. Be3 Ne8 14. Qd2 Kh7 15. Ng3
Nd6 16. Qd3 Bd7 17. Rf2 b5 18. Bc5 a6 19. b3 Rb8 20. a3 Nec8 21. Raf1 a5 22.
Nce2 a4 23. Bb4 Qg5 24. c4 axb3 25. c5 Nc4 26. Rxf7 Rxf7 27. Rxf7 Be8 28. Rxc7
b2 29. Nf1 Ne7 30. c6 Nxc6 31. Bf8 Kg8 32. Bxg7 Ne7 33. d6 Nxd6 34. Qxd6 b1=Q
35. Rxe7 Bf7 36. Bf6 Qe3+ 37. Kh2 Qb6 38. Qxe5 Qd8 39. Rxf7 Kxf7 40. Bxd8 Rxd8
41. Qc7+ Ke8 42. Qc6+ Ke7 43. Nf4 Qb2 44. Nd5+ Kf8 45. Qxg6 Qe5+ 46. Ng3 Rd6 47.
Qf5+ Qxf5 48. Nxf5 Ra6 49. Nd4 Rxa3 50. Nxb5 Ra2 51. Kg3 Kf7 52. Bf3 Ke6 53. Kf4
Rh2 54. Nd4+ Kf7 55. Ne3 Rxh3 56. Nf1 Kf6 57. Ne2 Rh4 58. Kg3 Kg5 59. Ng1 1-0

[Event "Chigorin Memorial Open"]
[Site "St Petersburg RUS"]
[Date "2011.10.17"]
[Round "4.101"]
[White "Kanakin, Konstantin"]
[Black "Pogosian, Vladimir"]
[Result "0-1"]
[WhiteElo "1944"]
[BlackElo "2166"]
[WhiteFideId "4186699"]
[BlackFideId "13301586"]
[EventDate "2011.10.14"]

1. d4 Nf6 2. c4 e5 3. dxe5 Ng4 4. Nf3 Bc5 5. e3 Nc6 6. Nbd2 Ncxe5 7. Be2 Nxf2 8.
Kxf2 Ng4+ 9. Ke1 Nxe3 10. Qb3 Nxg2+ 11. Kd1 Qe7 12. Nf1 d6 13. Qc3 O-O 14. b4
Re8 15. Ng3 Bf2 16. Bf1 Bg4 17. Bxg2 Bxg3 18. Qd3 Be5 19. Rb1 Qf6 20. Rb3 a5 21.
Rf1 a4 22. Ra3 Bb2 23. Bxb2 Qxb2 24. Bh1 Bf5 25. Qd2 Qxa3 26. Nd4 Re3 27. Nb5
Qd3 28. Rxf5 Qb1+ 0-1

[Event "Chigorin Memorial Open"]
[Site "St Petersburg RUS"]
[Date "2011.10.17"]
[Round "4.102"]
[White "Menkov, Aleksandr"]
[Black "Gudkina, Zhanna"]
[Result "1/2-1/2"]
[WhiteElo "2152"]
[BlackElo "1781"]
[WhiteFideId "24160326"]
[BlackFideId "24102318"]
[EventDate "2011.10.14"]

1. e4 e6 2. d4 d5 3. e5 c5 4. c3 Nc6 5. Nf3 Qb6 6. Be2 Nh6 7. Bxh6 gxh6 8. Qd2
Bd7 9. O-O Rg8 10. Na3 a6 11. Nc2 O-O-O 12. dxc5 Bxc5 13. b4 Be7 14. Qxh6 Rg6
15. Qe3 Qxe3 16. Nxe3 Rdg8 17. a4 Na7 18. Nd4 f6 19. f4 Nc6 20. Nxc6 Bxc6 21. b5
Bc5 22. Kh1 Bxe3 23. bxc6 Rxg2 24. cxb7+ Kxb7 25. Bf3 Rc2 26. exf6 Kc7 27. f7
Rf8 28. Bh5 Rxc3 29. Rf3 d4 30. Rb1 Rc5 31. Rh3 Bxf4 32. Bf3 Rc1+ 33. Rxc1+ Bxc1
34. Be4 Rxf7 35. Rxh7 Rxh7 36. Bxh7 Kd6 37. Bd3 a5 38. Kg2 Kc5 39. Kf3 Kd5 40.
h4 Ke5 41. h5 Be3 42. Bc2 Bc1 43. Bd3 Be3 1/2-1/2

[Event "Chigorin Memorial Open"]
[Site "St Petersburg RUS"]
[Date "2011.10.17"]
[Round "4.104"]
[White "Sirletti, Sonia"]
[Black "Kulagin, Sergey"]
[Result "1-0"]
[WhiteElo "1940"]
[BlackElo "2128"]
[WhiteFideId "814210"]
[BlackFideId "4193253"]
[EventDate "2011.10.14"]

1. d4 e6 2. g3 c5 3. c3 d5 4. Bg2 Nc6 5. Nf3 Be7 6. O-O h6 7. Nbd2 Nf6 8. Re1
O-O 9. e4 dxe4 10. Nxe4 cxd4 11. cxd4 Nb4 12. Ne5 Nbd5 13. Be3 Bd7 14. Nxf6+
Bxf6 15. Bxd5 exd5 16. Qb3 Bh3 17. Qxb7 Qd6 18. Bf4 Qe6 19. Qc6 Qf5 20. Qxd5 g5
21. Bd2 Rad8 22. Qe4 Qxe4 23. Rxe4 Bf5 24. Ree1 Rxd4 25. Bc3 Rd5 26. Rad1 Rfd8
27. Rxd5 Rxd5 28. Kg2 Kg7 29. h3 Be6 30. a3 h5 31. Re3 Rd1 32. f3 Rc1 33. Re2 g4
34. hxg4 hxg4 35. fxg4 Bd5+ 36. Kf2 Rh1 37. Ke3 Bg5+ 38. Kd4 Rd1+ 39. Kc5 f6 40.
Nc4 Kf8 41. Nd6 Bf3 42. Re8+ Kg7 43. Nf5+ Kf7 44. Re7+ Kf8 45. Rxa7 Bxg4 46.
Ra8+ Kf7 47. Nd6+ Ke7 48. Nc4 Rd3 49. Ra7+ Ke6 50. Ra6+ Ke7 51. a4 Rxg3 52. a5
f5 53. Ra7+ Ke6 54. Ra6+ Kd7 55. Ne5+ Ke8 56. Nxg4 fxg4 57. Rg6 Be3+ 58. Kd6 Rg1
59. Re6+ 1-0

[Event "Chigorin Memorial Open"]
[Site "St Petersburg RUS"]
[Date "2011.10.17"]
[Round "4.105"]
[White "Kantyshev, Nikita"]
[Black "Minina, Veronika"]
[Result "1-0"]
[WhiteElo "1833"]
[BlackElo "2120"]
[WhiteFideId "4186737"]
[BlackFideId "4174780"]
[EventDate "2011.10.14"]

1. e4 c5 2. Nf3 Nc6 3. d4 cxd4 4. Nxd4 g6 5. Nc3 Bg7 6. Be3 Nf6 7. Bc4 O-O 8.
O-O Ng4 9. Nxc6 Nxe3 10. Nxe7+ Qxe7 11. fxe3 d6 12. Qd3 Be5 13. h3 Qg5 14. Rf3
Be6 15. Nd5 Rac8 16. c3 Rc5 17. Raf1 Qd8 18. Bb3 Kg7 19. Qc2 b5 20. Nb4 Bc4 21.
Nd3 Bxd3 22. Qxd3 f6 23. Bd5 a5 24. R1f2 Qb6 25. Rc2 Rfc8 26. g4 h6 27. h4 b4
28. g5 bxc3 29. gxf6+ Kf8 30. b3 a4 31. Qf1 axb3 32. Bxb3 Qb4 33. Qh3 d5 34. Qe6
Re8 35. Qd7 Rc7 36. Qxd5 1-0

[Event "Chigorin Memorial Open"]
[Site "St Petersburg RUS"]
[Date "2011.10.17"]
[Round "4.108"]
[White "Popov, Artemiy"]
[Black "Semenova, Irina"]
[Result "1/2-1/2"]
[BlackTitle "WGM"]
[WhiteElo "1649"]
[BlackElo "2236"]
[WhiteFideId "24136727"]
[BlackFideId "4118367"]
[EventDate "2011.10.14"]

1. e4 e5 2. Nf3 Nc6 3. Bc4 Nf6 4. Ng5 d5 5. exd5 Na5 6. Bb5+ c6 7. dxc6 bxc6 8.
Be2 h6 9. Nf3 e4 10. Ne5 Bd6 11. d4 exd3 12. Nxd3 Qc7 13. b3 O-O 14. Bb2 Bf5 15.
h3 Rad8 16. O-O Nd5 17. Bg4 Bh7 18. Nc3 Nb4 19. Be2 Qe7 20. a3 Nxd3 21. Bxd3
Bxd3 22. cxd3 Qe5 23. g3 Qe6 24. b4 Qxh3 25. Ne4 Nb7 26. Rc1 Rfe8 27. Qf3 Be5
28. Bxe5 Rxe5 29. Rxc6 Rxd3 30. Qxd3 Rh5 31. Rc8+ Qxc8 32. Qf3 Re5 33. Rd1 Re6
34. Qc3 Rc6 35. Qd4 Rc1 36. Kh2 Rxd1 37. Qxd1 Qc6 38. Qg4 Nd8 39. Nc5 Qf6 40.
Kg2 Qc6+ 41. Kh2 Qf6 42. Kg2 Qc6+ 43. Kh2 1/2-1/2

[Event "Chigorin Memorial Open"]
[Site "St Petersburg RUS"]
[Date "2011.10.17"]
[Round "4.109"]
[White "Bondarenko, Alexander"]
[Black "Sazonova, Anastasia"]
[Result "0-1"]
[WhiteTitle "FM"]
[WhiteElo "2224"]
[BlackElo "1963"]
[WhiteFideId "14126109"]
[BlackFideId "24131008"]
[EventDate "2011.10.14"]

1. d4 Nf6 2. c4 g6 3. Nc3 Bg7 4. e4 d6 5. f3 O-O 6. Be3 Nbd7 7. Qd2 e5 8. d5 a6
9. Nge2 Rb8 10. Ng3 Ne8 11. Bg5 f6 12. Bh6 f5 13. Bxg7 Kxg7 14. h4 f4 15. Nge2
Nef6 16. Nc1 Nh5 17. Bd3 Qe7 18. Nb3 Ng3 19. Rh2 c5 20. dxc6 bxc6 21. Ne2 Nxe2
22. Bxe2 Nf6 23. O-O-O Rd8 24. Kb1 d5 25. exd5 cxd5 26. c5 Bf5+ 27. Ka1 Qd7 28.
Qa5 Bc2 29. Rc1 Bxb3 30. axb3 Qc6 31. b4 Rd7 32. Bxa6 Ra7 33. b5 Rxb5 34. Qa3
Qxa6 35. Kb1 d4 0-1

[Event "Chigorin Memorial Open"]
[Site "St Petersburg RUS"]
[Date "2011.10.17"]
[Round "4.110"]
[White "Vorobjev, Dmitry"]
[Black "Puzko, Danila"]
[Result "1-0"]
[WhiteElo "2214"]
[BlackElo "1955"]
[WhiteFideId "24112178"]
[BlackFideId "24153745"]
[EventDate "2011.10.14"]

1. e4 c5 2. Nf3 Nc6 3. d4 cxd4 4. Nxd4 Nf6 5. Nc3 e5 6. Ndb5 d6 7. Bg5 a6 8. Na3
b5 9. Nd5 Be7 10. Bxf6 Bxf6 11. c3 O-O 12. Nc2 Bg5 13. h4 Bh6 14. g3 f5 15. exf5
Bxf5 16. Bg2 Rc8 17. O-O Kh8 18. Ncb4 Nb8 19. a4 a5 20. Nc2 b4 21. Ne1 bxc3 22.
bxc3 Nd7 23. g4 Be6 24. g5 Bxg5 25. hxg5 Qxg5 26. Nf3 Qh5 27. Nd2 Bg4 28. f3 Be6
29. Ne4 Nf6 30. Ndxf6 gxf6 31. Qxd6 Bh3 32. Ra2 Rcd8 33. Qc5 Qg6 34. Kh2 Be6 35.
Rb2 Rg8 36. Qe3 f5 37. Nc5 Qg3+ 38. Kg1 Bc4 39. Re1 Rde8 40. f4 Bd5 41. Qxg3
Rxg3 42. Rxe5 Rxe5 43. fxe5 Rxc3 44. Bxd5 Rxc5 45. e6 Rc7 46. Rf2 1-0

[Event "Chigorin Memorial Open"]
[Site "St Petersburg RUS"]
[Date "2011.10.17"]
[Round "4.111"]
[White "Bondarev, Ivan"]
[Black "Skvortsov, Alexander"]
[Result "1/2-1/2"]
[WhiteElo "1892"]
[BlackElo "2179"]
[WhiteFideId "4185110"]
[BlackFideId "24170038"]
[EventDate "2011.10.14"]

1. e4 c5 2. Nf3 a6 3. c4 e6 4. Nc3 d6 5. d4 cxd4 6. Nxd4 Nf6 7. Be2 Qc7 8. O-O
Be7 9. Be3 b6 10. f3 Bb7 11. Rc1 Nbd7 12. Qe1 O-O 13. Qf2 Rac8 14. Nb3 Bd8 15.
Nd2 Qb8 16. b4 Bc7 17. g3 Bc6 18. Nb3 h5 19. c5 dxc5 20. bxc5 b5 21. a3 Ne5 22.
Nd4 Qa8 23. Nxc6 Qxc6 24. Na2 a5 25. Rfd1 Rfd8 26. Qf1 Rb8 27. Rxd8+ Bxd8 28.
Qd1 Bc7 29. Qb3 h4 30. Kg2 Nfd7 31. gxh4 Ng6 32. Kg1 Nxh4 33. Qc3 Ng6 34. Rb1
Nf4 35. Bf1 Ng6 36. Be2 Nge5 37. Kf2 f6 38. h4 Kf7 39. h5 Kf8 40. Rg1 Nc4 41.
Bxc4 bxc4 42. h6 g5 43. h7 Kf7 44. Rh1 Kg7 45. Bxg5 Be5 46. Bh6+ Kh8 47. Qxc4
Qxc5+ 48. Qxc5 Nxc5 49. Nc1 Bd4+ 50. Ke2 Rb7 51. Bf8 1/2-1/2

[Event "Chigorin Memorial Open"]
[Site "St Petersburg RUS"]
[Date "2011.10.17"]
[Round "4.112"]
[White "Andronov, Ilya"]
[Black "Bondarenko, Dmitry"]
[Result "1/2-1/2"]
[WhiteElo "2129"]
[BlackElo "1894"]
[WhiteFideId "24142239"]
[BlackFideId "34105708"]
[EventDate "2011.10.14"]

1. e4 c6 2. d4 d5 3. e5 Bf5 4. Nf3 e6 5. Be2 c5 6. O-O Nc6 7. c3 c4 8. b4 a5 9.
b5 Na7 10. a4 Nc8 11. Nbd2 Nb6 12. Ne1 g5 13. g4 Bg6 14. h4 gxh4 15. f4 f5 16.
gxf5 Bxf5 17. Bh5+ Kd7 18. Ng2 Nh6 19. Ne3 Rg8+ 20. Kh2 Rg3 21. Rf3 Be7 22. Ndf1
Rg7 23. Nxf5 Nxf5 24. Ne3 Qg8 25. Nxf5 Rg2+ 26. Kh1 exf5 27. Qf1 Rg3 28. Be3 Qe6
29. Bf2 Rg7 30. Qh3 Rf8 31. Bxh4 Bxh4 32. Qxh4 Rfg8 33. Qf6 Rg3 34. Raf1 Rxf3
35. Rxf3 Qxf6 36. exf6 Rf8 37. f7 Nc8 38. Re3 Ne7 39. Re5 Kd6 40. Kg2 b6 41. Kf2
Kd7 42. Kg3 Kd6 43. Kf2 1/2-1/2

[Event "Chigorin Memorial Open"]
[Site "St Petersburg RUS"]
[Date "2011.10.17"]
[Round "4.113"]
[White "Korchagina, Viktoria"]
[Black "Sladkov, Andrey"]
[Result "1-0"]
[WhiteTitle "WFM"]
[WhiteElo "2109"]
[BlackElo "1885"]
[WhiteFideId "4197224"]
[BlackFideId "24160350"]
[EventDate "2011.10.14"]

1. e4 c6 2. d4 d5 3. Nc3 dxe4 4. Nxe4 Bf5 5. Ng3 Bg6 6. N1e2 e5 7. dxe5 Qxd1+ 8.
Kxd1 Nd7 9. f4 O-O-O 10. f5 Nxe5+ 11. Ke1 Bb4+ 12. c3 Nd3+ 13. Kd1 Nf2+ 14. Kc2
Nxh1 15. cxb4 Nf2 16. Nc3 Ne7 17. fxg6 hxg6 18. h3 Nd5 19. Nxd5 Rxd5 20. Be3 Ne4
21. Nxe4 Re8 22. Nc3 1-0

[Event "Chigorin Memorial Open"]
[Site "St Petersburg RUS"]
[Date "2011.10.17"]
[Round "4.115"]
[White "Skafar, Darya"]
[Black "Gumirov, Konstantin L"]
[Result "1/2-1/2"]
[WhiteElo "1735"]
[BlackElo "2057"]
[WhiteFideId "24167169"]
[BlackFideId "4125061"]
[EventDate "2011.10.14"]

1. e4 e5 2. Nf3 Nc6 3. Bb5 a6 4. Ba4 Bc5 5. c3 b5 6. Bb3 Qf6 7. O-O Nge7 8. d4
Ba7 9. Bg5 Qd6 10. Bxe7 Qxe7 11. Bd5 f6 12. Nh4 g6 13. a4 Rb8 14. Nf3 Nd8 15.
axb5 Rxb5 16. Qc1 Nf7 17. Na3 Rb8 18. Kh1 c6 19. Bxf7+ Kxf7 20. dxe5 fxe5 21.
Nc4 d6 22. Rd1 Rd8 23. Ncxe5+ dxe5 24. Rxd8 Qxd8 25. Nxe5+ Kg7 26. Nxc6 Qc7 27.
Nxb8 Bxb8 28. g3 Qf7 29. Qe3 Ba7 30. Qf4 Qe7 31. Rd1 g5 32. Qf3 h5 33. Rd2 Bb7
34. Re2 Kh6 35. h4 g4 36. Qf4+ Kg7 37. Qg5+ Qxg5 38. hxg5 Kg6 39. Kg2 Kxg5 40.
f3 gxf3+ 41. Kxf3 Bc8 42. Rd2 Bg4+ 43. Kg2 Bb8 44. Rd8 Be5 45. Kf2 Be6 46. Re8
Kf6 47. Ra8 Bc4 48. Rc8 Bd3 49. Kf3 Kg5 50. b4 Bf1 51. Rc6 Bb5 52. Rc5 Kf6 53.
c4 Bd7 54. Ra5 Bc8 55. b5 axb5 56. Rxb5 Bg4+ 57. Kf2 Bd4+ 58. Kg2 Be2 59. Rd5
Be5 60. c5 Bb5 61. Kf3 Ke6 62. Rd1 Bc6 63. Rh1 Be8 64. g4 hxg4+ 65. Kxg4 Bd4 66.
Rc1 Bc6 67. Kf4 Bf2 68. Kf3 Bd4 69. Kf4 Bf2 70. Rc4 Bg1 71. Rc2 Bd4 72. Rc4 Bg1
73. Rc2 1/2-1/2

[Event "Chigorin Memorial Open"]
[Site "St Petersburg RUS"]
[Date "2011.10.17"]
[Round "4.116"]
[White "Aminov, Andrey"]
[Black "Startsev, Andrei"]
[Result "1-0"]
[WhiteElo "2029"]
[BlackElo "1867"]
[WhiteFideId "24162728"]
[BlackFideId "24101850"]
[EventDate "2011.10.14"]

1. e4 e5 2. Nf3 Nc6 3. d4 exd4 4. Nxd4 Nf6 5. Nxc6 bxc6 6. Bd3 d5 7. e5 Ng4 8.
O-O Bc5 9. Qe2 Qe7 10. Bf4 g5 11. Bd2 Nxe5 12. Re1 Ng6 13. Bxg6 hxg6 14. Qxe7+
Bxe7 15. Bxg5 Be6 16. Bxe7 Kxe7 17. Nd2 Rab8 18. b3 Kd7 19. Rad1 Rh5 20. Ne4 Ke7
21. Nc5 Kd6 22. Ne4+ Ke7 23. Ng3 Rh4 24. f3 Rd8 25. Ne2 g5 26. Nd4 Kd6 27. c4 a5
28. h3 Bd7 29. Kf2 Rb8 30. Rd2 a4 31. Re3 axb3 32. axb3 Rf4 33. g4 Rf6 34. Kg3
Re8 35. Rc3 c5 36. Nf5+ Rxf5 37. gxf5 d4 38. b4 Bxf5 39. Rc1 Re3 40. Rcd1 d3 41.
Kf2 Re5 42. b5 Ke7 43. Ra1 Re6 44. Ra6 Kd7 45. Rxe6 Kxe6 46. Ke3 Bxh3 47. Rxd3
f5 48. Rd5 g4 49. fxg4 fxg4 50. Rxc5 Kd6 51. Rg5 Kd7 52. Kd4 Ke6 53. Rg7 Kd6 54.
c5+ Ke6 55. Rxc7 Bf1 56. Rg7 Bxb5 57. Rxg4 Bc6 58. Rg6+ Kd7 59. Kc4 Be4 60. Rd6+
Kc7 61. Kb5 Bf3 62. Re6 Kd7 63. Rf6 Bg2 64. Kb6 Ke7 65. Rd6 1-0

[Event "Chigorin Memorial Open"]
[Site "St Petersburg RUS"]
[Date "2011.10.17"]
[Round "4.117"]
[White "Mitiushkin, Marat"]
[Black "Chernyak, Viktoria"]
[Result "0-1"]
[WhiteElo "1995"]
[BlackElo "1808"]
[WhiteFideId "4141849"]
[BlackFideId "24165956"]
[EventDate "2011.10.14"]

1. e4 c5 2. Nf3 e6 3. c3 d6 4. d3 Nf6 5. g3 Be7 6. Bg2 O-O 7. O-O Nc6 8. a4 a6
9. h3 Rb8 10. Be3 Bd7 11. Nbd2 b5 12. axb5 axb5 13. Qe2 Qc7 14. Rfb1 h6 15. Ne1
b4 16. f4 Nh7 17. Kh2 Bf6 18. Rc1 bxc3 19. bxc3 Na5 20. d4 c4 21. e5 Be7 22.
exd6 Bxd6 23. Qf2 Rb2 24. Qg1 Nf6 25. Rxa5 Rxd2 26. Rca1 Re2 27. Kh1 Bc6 28. Ra7
Bxg2+ 29. Nxg2 Qc6 30. R7a6 Qc7 31. R1a2 Rxa2 32. Rxa2 Ne4 33. Qe1 Rb8 34. Bd2
Qc6 35. Kh2 Rb3 36. Rc2 Bc7 37. Ne3 Ba5 38. Nxc4 Nxd2 39. Nxd2 Rxc3 40. d5 Qxd5
41. Rb2 Rd3 42. Rb8+ Kh7 43. Qe4+ g6 44. Qxd5 exd5 45. Nb3 Be1 46. Nc5 Rd2+ 47.
Kh1 Bxg3 48. Rb7 Kg8 49. Rb8+ Kg7 50. Rb7 Re2 51. Nd3 Re4 52. Nc5 Re1+ 53. Kg2
Bxf4 54. Nd3 Re2+ 55. Kf1 Re4 56. Rd7 Bg5 57. Rxd5 Bf6 58. Nf2 Rd4 59. Rb5 h5
60. Ke2 g5 61. Ke3 Rh4 62. Rd5 Kg6 63. Rd7 Ra4 64. Ne4 Ra3+ 65. Ke2 Be5 66. Nf2
f6 67. Rd5 Kf5 68. Rb5 g4 69. hxg4+ hxg4 70. Nd3 g3 71. Nxe5 fxe5 72. Rb8 Kf4
73. Rf8+ Ke4 74. Rg8 Ra2+ 75. Kf1 Rf2+ 76. Ke1 Kf3 77. Rf8+ Kg2 78. Re8 Rf5 79.
Re7 Kg1 80. Re8 g2 81. Re7 Rh5 82. Rg7 Kh1 83. Kf2 Rf5+ 84. Ke2 g1=Q 0-1

[Event "Chigorin Memorial Open"]
[Site "St Petersburg RUS"]
[Date "2011.10.17"]
[Round "4.118"]
[White "Nezbailo, Dmitry"]
[Black "Khatenever, Feliks"]
[Result "1-0"]
[WhiteElo "1966"]
[BlackElo "1864"]
[WhiteFideId "4199057"]
[BlackFideId "4131800"]
[EventDate "2011.10.14"]

1. f4 d5 2. Nf3 g6 3. e3 Bg7 4. d4 Nf6 5. Bd3 c5 6. c3 Nbd7 7. Nbd2 b6 8. e4
dxe4 9. Nxe4 cxd4 10. cxd4 O-O 11. O-O Bb7 12. Qe2 Rc8 13. Bd2 Nxe4 14. Bxe4
Bxe4 15. Qxe4 Nf6 16. Qd3 Nd5 17. f5 Qd6 18. fxg6 hxg6 19. a3 a5 20. Kh1 Rcd8
21. Ng5 f6 22. Ne4 Qd7 23. Qg3 Qe8 24. Rae1 e6 25. Qh4 Qe7 26. Rf3 g5 27. Qg3
Qc7 28. Qh3 g4 29. Qxg4 f5 30. Qg6 Qf7 31. Qxf7+ Rxf7 32. Ng5 Re7 33. Rxe6 Bxd4
34. Rg6+ Rg7 35. Rxg7+ Bxg7 36. Ne6 Rd6 37. Nxg7 Kxg7 38. Rxf5 Ne7 39. Rf2 Kg6
40. h3 Nf5 41. Kh2 a4 42. g4 Nd4 43. Bc3 Nb5 44. Bb4 Re6 45. Kg3 Re3+ 46. Rf3
Re2 47. Rf2 Re3+ 48. Kg2 Re4 49. Bc3 Nxc3 50. bxc3 Re3 51. Rf3 Re2+ 52. Kg3 Ra2
53. c4 Rc2 54. h4 Rxc4 55. h5+ Kg7 56. Kh4 b5 57. Rf5 b4 58. axb4 Rxb4 59. Ra5
Kh6 60. Ra6+ Kh7 61. h6 Rb1 62. Kh5 Rh1+ 63. Kg5 Rb1 64. Ra7+ Kh8 65. Rxa4 Rb2
66. Ra7 Kg8 67. Rg7+ Kh8 68. Rf7 Rb5+ 69. Kg6 Rb6+ 70. Rf6 Rb8 71. g5 Rc8 72.
Rf5 Kg8 73. Kh5 Rd8 74. g6 Rc8 75. h7+ Kg7 76. Rf7+ Kh8 77. Kh6 1-0

[Event "Chigorin Memorial Open"]
[Site "St Petersburg RUS"]
[Date "2011.10.17"]
[Round "4.120"]
[White "Pyatin, Alexander"]
[Black "Trofimchuk, Vladimir"]
[Result "1/2-1/2"]
[WhiteElo "2124"]
[BlackElo "1857"]
[WhiteFideId "24125920"]
[BlackFideId "4199227"]
[EventDate "2011.10.14"]

1. e4 e5 2. Nf3 d5 3. exd5 e4 4. Ne5 Nf6 5. Bb5+ Bd7 6. Qe2 a6 7. Bxd7+ Nbxd7 8.
Nxd7 Qxd7 9. Nc3 O-O-O 10. O-O Qf5 11. Re1 Bc5 12. h3 h5 13. Nd1 Qxd5 14. Ne3
Bxe3 15. dxe3 g5 16. b4 Nd7 17. Bb2 Rh6 18. c4 Qe6 19. Red1 f5 20. Bc3 h4 21.
Rd4 g4 22. hxg4 fxg4 23. Qc2 Re8 24. Rad1 Nf6 25. Qd2 Rhh8 26. b5 g3 27. bxa6
Qxa6 28. Rd5 gxf2+ 29. Kxf2 Nxd5 30. Bxh8 Rxh8 31. cxd5 Qd6 32. Rh1 Rh5 33. Qe2
Qg3+ 34. Kg1 h3 35. Qf2 h2+ 36. Kf1 Qd6 37. Qf4 Qa6+ 38. Kf2 Qxa2+ 39. Kg3 Rh8
40. Qf5+ Kb8 41. Rxh2 Rg8+ 42. Kh3 Qe2 43. Qxe4 Rh8+ 44. Kg3 Qe1+ 45. Kf3 Rxh2
46. Qe8+ Ka7 47. Qa4+ Kb6 48. Qd4+ Kb5 49. Qd3+ Kb4 50. Qd4+ Kb3 51. Qd3+ Kb2
52. Qb5+ Kc2 53. Qa4+ Kb2 54. Qb5+ Ka3 55. Qd3+ Kb4 56. Qd4+ Ka5 57. Qc5+ b5 58.
Qxc7+ Ka4 59. Qxh2 Qd1+ 60. Ke4 b4 61. Qh6 b3 62. Qa6+ Kb4 63. Qb6+ Kc3 64. Qa5+
Kc2 65. Qc5+ Kd2 66. d6 b2 67. Qd4+ Kc1 68. Qc3+ Kb1 69. Ke5 Qg4 70. Qd3+ Ka2
71. d7 Qg5+ 72. Ke6 Qg8+ 73. Ke7 Qg5+ 74. Ke6 1/2-1/2

[Event "Chigorin Memorial Open"]
[Site "St Petersburg RUS"]
[Date "2011.10.17"]
[Round "4.121"]
[White "Egorov, Daniil"]
[Black "Andreeva, Yulia"]
[Result "0-1"]
[WhiteElo "1826"]
[BlackElo "1940"]
[WhiteFideId "24171956"]
[BlackFideId "4108302"]
[EventDate "2011.10.14"]

1. e4 c5 2. c3 d5 3. exd5 Qxd5 4. d4 Nf6 5. Nf3 Bg4 6. Be2 cxd4 7. cxd4 e6 8.
Nc3 Bb4 9. O-O Bxc3 10. bxc3 O-O 11. h3 Bh5 12. c4 Qa5 13. Qb3 Qc7 14. Rb1 b6
15. Ba3 Rd8 16. Rfd1 Nc6 17. d5 Na5 18. d6 Qc6 19. Qb4 Rac8 20. Ne5 Qe4 21. d7
Rb8 22. Qxa5 Qxe2 23. Qe1 Qxa2 24. Ra1 Qb3 25. Rdb1 Qc2 26. Rb2 Qf5 27. Nc6 Qf4
28. Nxb8 Qxb8 29. Rd2 Rxd7 30. Rxd7 Nxd7 31. Qd2 Nf6 32. Qd4 h6 33. c5 bxc5 34.
Bxc5 Nd5 35. Rxa7 Qf4 36. Qb2 Qg5 37. Kh1 Nf4 38. f3 Qxc5 39. Qb8+ Kh7 40. Rc7
Qf2 0-1

[Event "Chigorin Memorial Open"]
[Site "St Petersburg RUS"]
[Date "2011.10.17"]
[Round "4.122"]
[White "Kokhnover, Ilya"]
[Black "Safronov, Kirill"]
[Result "0-1"]
[WhiteElo "1821"]
[BlackElo "1932"]
[WhiteFideId "24159174"]
[BlackFideId "24141976"]
[EventDate "2011.10.14"]

1. e4 c6 2. d4 d5 3. exd5 cxd5 4. c4 Nf6 5. Nc3 Nc6 6. Bg5 Be6 7. Qd2 h6 8. Bxf6
exf6 9. g3 Bb4 10. Bg2 O-O 11. Nge2 Ne7 12. c5 Rc8 13. a3 Bxc3 14. Nxc3 b6 15.
b4 a6 16. O-O Nc6 17. Na4 b5 18. Nb6 Rb8 19. a4 Ne7 20. Qa2 Nc6 21. Qb2 Ne7 22.
Qb3 Rxb6 23. cxb6 Qxb6 24. axb5 axb5 25. Rfd1 Rc8 26. Bf1 Nf5 27. Qb2 Nd6 28.
Rac1 Nc4 29. Bxc4 bxc4 30. Qc3 Bf5 31. Rd2 Re8 32. Ra1 h5 33. f3 Bd3 34. Rf2 g5
35. Qb2 Rc8 36. Qc3 Re8 37. Qb2 Rb8 38. Ra5 Qxb4 39. Qxb4 Rxb4 40. Rxd5 c3 41.
Rc5 c2 42. Rfxc2 Bxc2 43. Rxc2 Rxd4 44. Kf2 Kg7 45. h3 f5 46. Ke3 Ra4 47. Rd2
Ra3+ 48. Kf2 Ra4 49. Ke3 f4+ 50. gxf4 Rxf4 51. Ra2 Rh4 52. Rh2 Kg6 53. Kf2 Ra4
54. Ke3 Ra3+ 55. Ke4 f5+ 56. Ke5 Rxf3 57. Ra2 Re3+ 58. Kd5 h4 59. Ra6+ Kh5 60.
Rf6 f4 61. Rf8 Rxh3 0-1

[Event "Chigorin Memorial Open"]
[Site "St Petersburg RUS"]
[Date "2011.10.17"]
[Round "4.123"]
[White "Chuprova, Irina"]
[Black "Mironova, Natalia"]
[Result "1/2-1/2"]
[WhiteElo "1919"]
[BlackElo "1811"]
[WhiteFideId "24138584"]
[BlackFideId "4110935"]
[EventDate "2011.10.14"]

1. e4 e6 2. d4 d5 3. Nc3 Bb4 4. e5 c5 5. a3 Bxc3+ 6. bxc3 Ne7 7. Qg4 O-O 8. Bd3
Nd7 9. h4 f5 10. Qg3 Qc7 11. Nf3 cxd4 12. cxd4 Qc3+ 13. Ke2 Nc6 14. Be3 f4 15.
Qg4 Ndxe5 16. dxe5 Nxe5 17. Nxe5 Qxe5 18. Rab1 b6 19. h5 Bd7 20. h6 g6 21. Bxg6
hxg6 22. Qxg6+ Kh8 23. Rh5 Be8 24. Rxe5 Bxg6 25. Bd4 Kh7 26. Rxe6 Rae8 27. Rxe8
Rxe8+ 28. Kd2 Kxh6 29. Rb5 Bf7 30. Rb3 Re4 31. Rh3+ Bh5 32. c3 Re2+ 33. Kd3 Ra2
34. g4 fxg3 35. Be3+ Kg6 36. Rxg3+ Kf7 37. Rg5 Be2+ 38. Kd4 Bc4 39. Rf5+ Ke6 40.
Re5+ Kd6 41. Rh5 Rxa3 42. Rh6+ Kd7 43. f4 Ba2 44. Ke5 Rxc3 45. Bd4 Rc7 46. f5
Bb1 47. Rd6+ Ke7 48. f6+ Kf7 49. Kxd5 Ba2+ 50. Ke4 Be6 51. Ke5 Bb3 52. Rd8 Bc4
53. Kd6 Rb7 54. Kc6 Ba6 55. Rh8 Ke6 56. Re8+ Kf7 57. Rh8 Ke6 58. Rh5 b5 59. Rh8
b4 60. Re8+ Kf7 61. Re5 b3 62. Ra5 Rb6+ 63. Kc7 Bd3 64. Rxa7 Rxf6 65. Bxf6 Kxf6
66. Rb7 Bc2 67. Kd6 Kf5 68. Rb4 Bd1 1/2-1/2